| Tag |
First Indicator |
Second Indicator |
Subfields |
| LEADER |
00000cam a2200000 a 4500 |
| 001 |
in00001269310 |
| 005 |
20151004051559.0 |
| 008 |
960129s1995 fr a b i000 0 eng d |
| 020 |
|
|
|a 9264145680 (pbk.)
|
| 035 |
|
|
|a (OCoLC)34095855
|
| 035 |
|
|
|9 AGW7165AM
|
| 040 |
|
|
|a YSM
|c YSM
|d TXA
|d UtOrBLW
|
| 049 |
|
|
|a TXAM
|
| 090 |
|
|
|a LB2822.75
|b .P45 1995
|
| 245 |
0 |
0 |
|a Performance standards in education :
|b in search of quality.
|
| 264 |
|
1 |
|a Paris :
|b Organisation for Economic Co-operation and Development,
|c [1995]
|
| 264 |
|
4 |
|c ©1995
|
| 300 |
|
|
|a 220 pages :
|b illustrations ;
|c 27 cm.
|
| 336 |
|
|
|a text
|b txt
|2 rdacontent
|
| 337 |
|
|
|a unmediated
|b n
|2 rdamedia
|
| 338 |
|
|
|a volume
|b nc
|2 rdacarrier
|
| 500 |
|
|
|a "Study carried out under the auspices of the Centre for Educational Research and Innovation (CERI) and the Education Committee"--Foreword.
|
| 504 |
|
|
|a Includes bibliographical references.
|
| 650 |
|
0 |
|a Education
|x Standards
|x Cross-cultural studies.
|
| 650 |
|
0 |
|a Educational evaluation
|x Case studies.
|
| 650 |
|
0 |
|a Academic achievement
|x Evaluation.
|
| 650 |
|
0 |
|a Education and state.
|
| 710 |
2 |
|
|a Organisation for Economic Co-operation and Development.
|
| 710 |
2 |
|
|a Centre for Educational Research and Innovation.
|
| 710 |
2 |
|
|a OECD Education Committee.
|
| 999 |
|
|
|a MARS
|
| 999 |
f |
f |
|s f21b69fb-3b1f-33ad-b03c-ff1121da27ba
|i 2c4c058b-61d6-3f93-b807-0ce9d2188a62
|t 0
|
| 952 |
f |
f |
|p normal
|a Texas A&M University
|b College Station
|c Sterling C. Evans Library
|d Evans: Library Stacks
|t 0
|e LB2822.75 .P45 1995
|h Library of Congress classification
|i unmediated -- volume
|m A14819735253
|
| 998 |
f |
f |
|a LB2822.75 .P45 1995
|t 0
|l Evans: Library Stacks
|